00829nam a2200217 a 450000100100000000500170001000800410002702000150006804000250008308200150010810000410012324500970016426000620026130000360032349000250035950400300038470000350041483000320044995201130048199900170059400004627420201002052744.0150714s1986 pr ac 000 0 spa d a0940238306 aDO-SdBNPbspacBNPHU axxxxbxxxx1 aBurgos, Julia de,d1914-1953.91409010aJulia de Burgos :bYo misma fui mi ruta /cJulia de Burgos ; edición de María M. Solá. aRío Piedras, Puerto Rico :bEdiciones Huracán,c1986. a160 p. :bil., retrs. ;c20 cm.1 aClásicos huracán aBibliografía : p. 49-5112aSolá, M. Maríaeed.974293 0aClásicos huracán974294 001050718MOaPDbPDcCTd2015-07-14iLF1l0oxxxx xxxxp46274-10r2020-06-25w2020-06-25y1ZNo se presta c45763d45763